The towns of ancient (Record no. 410000)

000 -LEADER
fixed length control field 00292cam a22001097a 4500
008 - FIXED-LENGTH DATA ELEMENTS--GENERAL INFORMATION
fixed length control field 180718b1959 xxu||||| |||| 00| 0 eng d
082 ## - DEWEY DECIMAL CLASSIFICATION NUMBER
Classification number J71x57 T448
100 ## - MAIN ENTRY--PERSONAL NAME
Personal name Tikhomirov, M.
245 ## - TITLE STATEMENT
Title The towns of ancient
Statement of responsibility, etc. by M. Tikhomirov
260 ## - PUBLICATION, DISTRIBUTION, ETC.
Place of publication, distribution, etc. Moscow
Name of publisher, distributor, etc. Foreign languages
Date of publication, distribution, etc. 1959
300 ## - PHYSICAL DESCRIPTION
Extent 502p
Holdings
Withdrawn status Lost status Damaged status Not for loan Permanent Location Current Location Date acquired Full call number Barcode Date last seen Price effective from Koha item type
        Indian Institute of Public Administration Indian Institute of Public Administration 2009-01-13 J71x57 T448 DA570 2018-07-21 2018-07-21 DA

Powered by Koha